000 00448cam a2200181ua 4500
020 _c7.00
041 _aeng
_h
082 _a546
_bLAD/TE
100 _aLadlimohan Mitra, M .
245 _aText book of inorganic chemistry /
_cM Ladlimohan Mitra.
_hTextual Documents
250 _a48 /
_b.
260 _aCalcutta :
_bGhosh and Co ,
_c1963.
300 _a714 ; .
365 _a7.00
504 _a
942 _cBK
999 _c10677
_d10677